Word Ladder: Determine German Quiz Stats

 Plays Quiz Updated Aug 4, 2015

Challenge
Share
Tweet
Embed
Score 0/24 Timer 03:00
0 Plays Today
Hint 4-Letter Word % Correct
Event for CinderellaBALL
97.8%
HairlessBALD
97.5%
Berlin dividerWALL
97.4%
Top Olympic prizeGOLD
96.7%
Wishing placeWELL
96.6%
Music groupBAND
92.2%
LunchtimeNOON
92%
Noble gas in lampsNEON
91.8%
Better than averageGOOD
91.6%
Hired thugGOON
90.3%
UnfreezeMELT
88.8%
Mama's mamaGRAN
88.8%
Hint 4-Letter Word % Correct
★ World ★WELT
88.3%
Crack a smileGRIN
88.1%
★ No ★NEIN
87.4%
★ My ★MEIN
85.9%
★ Money ★GELD
83.7%
AcquireGAIN
82.6%
PrimaryMAIN
82%
Mix, blendMELD
80.3%
Neutral colorGRAY
78.5%
★ Woman ★FRAU
75.2%
BrawlFRAY
70.9%
★ Country ★LAND
69.9%

Today's Daily Dose

Missing Word
Entertainment 'L'

Word Ladder
Fingers

Quick Pick
When in Rome

On This Day
December 15th II

You're not logged in!

Compare scores with friends on all Sporcle quizzes.
OR
Log In

You Might Also Like...

Show Comments

Extras

Top Quizzes Today


Score Distribution

Your Account Isn't Verified!

In order to create a playlist on Sporcle, you need to verify the email address you used during registration. Go to your Sporcle Settings to finish the process.

Report this User

Report this user for behavior that violates our Community Guidelines.

Details: